| 000 | 00809nam a22002537a 4500 | ||
|---|---|---|---|
| 999 |
_c11740 _d11740 |
||
| 003 | AR-CdUCM | ||
| 008 | 190404b ||||| |||| 00| 0 spa d | ||
| 040 |
_aMUNICIPALIDAD PROVINCIAL DEL CUSCO _cBIBLIOTECA MUNICIPAL DEL CUSCO |
||
| 082 |
_aEP / 363.347 / _bP27 |
||
| 100 |
_aPassuni, Silvia _929240 |
||
| 245 | _aAprendiendo a vivir sin riesgos / | ||
| 260 |
_aCusco : _bCentro Guaman Poma de Ayala, _c2007 |
||
| 300 |
_a16 paginas ; _bilustraciones, graficos, dibujos, _c20 cm. |
||
| 500 | _aPrevención | ||
| 650 |
_aPrevención _99797 |
||
| 650 |
_aRiesgos _929241 |
||
| 650 |
_aTexto de ayuda _928504 |
||
| 650 |
_aPerú _935 |
||
| 700 |
_aManrrique, Jaime _929242 |
||
| 700 |
_aLoaysa, Ilse _929243 |
||
| 700 |
_aNieto Degregori, Luis _96534 |
||
| 942 |
_2ddc _cLIBROS |
||
| 945 |
_apjha _d2019-04-04 |
||